Spowiedź Hitlera : szczera rozmowa z Żydem /
Сохранить в:
| Главный автор: | |
|---|---|
| Соавтор: | |
| Формат: | |
| Язык: | польский |
| Опубликовано: |
Warszawa :
Bellona,
copyright 2023.
|
| Предметы: | |
| Метки: |
Нет меток, Требуется 1-ая метка записи!
|
MARC
| LEADER | 00000nam a2200000 i 4500 | ||
|---|---|---|---|
| 001 | 991053072458105066 | ||
| 005 | 20260515100513.0 | ||
| 008 | 230511s2023 pl acho |000 fdpol c | ||
| 009 | b1000002920002 | ||
| 015 | |a UWD 2023/16154 | ||
| 020 | |a 9788311168534 |q (oprawa miękka) | ||
| 020 | |a 9788311179721 |q (oprawa miękka) | ||
| 020 | |a 9788311169494 |q (oprawa miękka) : | ||
| 035 | |a (PL)b1000002920002 | ||
| 035 | |a (EXLNZ-48OMNIS_NETWORK)9913241395205606 | ||
| 040 | |a WA N |c WA N |d WA N |d KR U |d WA N |d LUBL KUL |d WA N |d Ł M | ||
| 045 | 2 | |b d1889 |b d1945 | |
| 046 | |k 2016 | ||
| 080 | |a 821.112.2-312.6 | ||
| 084 | |a 04 | ||
| 100 | 1 | |a Macht, Christopher |d (1976- ) |e Autor | |
| 245 | 1 | 0 | |a Spowiedź Hitlera : |b szczera rozmowa z Żydem / |c opracował i do wydania przygotował Christopher Macht. |
| 260 | |a Warszawa : |b Bellona, |c copyright 2023. | ||
| 300 | |a 286, [2] strony : |b faksymilia, fotografie, ilustracje, portrety ; |c 18 cm. | ||
| 336 | |a Tekst |b txt |2 rdacontent | ||
| 337 | |a Bez urządzenia pośredniczącego |b n |2 rdamedia | ||
| 338 | |a Wolumin |b nc |2 rdacarrier | ||
| 380 | |a Książki | ||
| 380 | |a Proza | ||
| 386 | |m Przynależność kulturowa |a Literatura niemiecka | ||
| 388 | 1 | |a 2001- | |
| 500 | |a W obrębie wydania nakłady z okładką beżową, czerwoną lub brązową. W obrębie wydania część nakładu z datą copyrightu 2025. Nakłady z okładką brązową i czerwoną o wysokości grzbietu 20 cm. W obrębie wydania nakłady z różnymi cenami. W obrębie wydania nakłady z różnymi ISBN-ami. | ||
| 504 | |a Bibliografia, netografia na stronach 286-[287]. | ||
| 530 | |a Książka dostępna także jako e-book. | ||
| 600 | 1 | 7 | |a Hitler, Adolf |d (1889-1945) |2 DBN |
| 648 | 7 | |a 1801-1900 |2 DBN | |
| 648 | 7 | |a 1901-2000 |2 DBN | |
| 650 | 7 | |a Nazizm |2 DBN | |
| 650 | 7 | |a Polityka |2 DBN | |
| 650 | 7 | |a Przywódcy i głowy państw |2 DBN | |
| 650 | 7 | |a Żydzi |2 DBN | |
| 651 | 7 | |a Niemcy |2 DBN | |
| 655 | 7 | |a Powieść biograficzna |2 DBN | |
| 655 | 7 | |a Powieść historyczna |2 DBN | |
| 710 | 2 | |a Bellona |e Wydawca |4 pbl | |
| 942 | |2 ddc |c BK |n 0 | ||
| 952 | |0 0 |1 0 |2 ddc |4 0 |6 W__20_000000000000000 |7 0 |9 20 |a WRO |b WRO |d 2026-04-10 |e da |g 10.00 |i WRO-020 |l 0 |o W.20 |p 2000100000205 |r 2026-04-10 23:51:20 |v 10.00 |w 2026-04-10 |y BK | ||
| 999 | |c 20 |d 20 | ||